LEADER 01030nam a2200265 i 4500 001 000000246145 003 CaOOAMICUS 005 20190827163944.0 008 151026s1999 it u000 u ita u 013 $a225050 020 $a88-7813-110-5 040 $aSeMil$bita 245 10$aGiotto :$bla fiducia nell'uomo e nella storia. 260 $a[Milano] :$bLeonardo Arte,$c1999. 300 $a142 p. :$bill. ;$c21 cm. 490 0 $aArtBook [Leonardo Arte] ;$v16 600 14$aGiotto : di Bondone .$0(OLS)http://semarc/subject/2766 830 0$aArtBook ;$v16.$0(OLS)http://semarc/title/44308 850 $aSeMil 852 $aSeMil$W1$xVenegono$y1$m5R I 166$j196491$B196491$CSeMilBibl$Z2$F207539 $81 961 $aOmaggio: Altro 996 $6020$a88-7813-110-5$9(OLS)http://semarc/number/254970 996 $6245$aGiotto :$bla fiducia nell'uomo e nella storia$9(OLS)http://semarc/title/347858 996 $6260$a[Milano] :$bLeonardo Arte$9(OLS)http://semarc/publisher/39398 LEADER 01256nam a2200277 i 4500 001 000000015760 003 CaOOAMICUS 005 20251203075127.0 008 180830s1940 it u000 u ita u 040 $aSeMil$bita 100 0 $aCaterina : da Siena,$c.$0(OLS)http://semarc/name/5985 245 13$aLe lettere di S. Caterina da Siena :$bridotte a miglior lezione, e in ordine nuovo disposte /$ccon note di Niccolň Tommaseo ; a cura di Piero Misciattelli. 260 $aFirenze :$bGiunti-Barbčra,$c1940. 300 $av. ;$c22 cm. 650 4$aCaterina : da Siena - Lettere e carteggi.$0(OLS)http://semarc/subject/2072 700 1 $aTommaseo, Niccolň,$d<1802-1874>.$0(OLS)http://semarc/name/454 700 1 $aMisciattelli, Piero.$0(OLS)http://semarc/name/6220 774 0 $tVolume 1.$w()150492 774 0 $tVolume 2.$w()150490 774 0 $tVolume 3.$w()150478 774 0 $tVolume 4.$w()150477 774 0 $tVolume 5.$w()150476 774 0 $tVolume 6.$w()100093 996 $6245$aLe lettere di S. Caterina da Siena :$bridotte a miglior lezione, e in ordine nuovo disposte$9(OLS)http://semarc/title/17403 996 $6260$aFirenze :$bGiunti-Barbčra$9(OLS)http://semarc/publisher/31462